000 00821nam a2200277 i 4500
001 117882
003 ES-MaACL
005 20250826082718.0
007 t|
008 070214s1959 mx r ||||1| spa d
080 _a331.88(460)CNT
080 _a330.862:331.88
080 _a929 Peiró, Juan
100 1 _aPeiró, Joan,
_d1887-1942
_9240805
245 1 0 _aPensamiento de Juan Peiró :
_btrayectoria de la Confederación Nacional del Trabajo.
250 _a2ª ed.
260 _aMéxico :
_bCNT,
_c1959.
300 _a198 p. ;
_c19 cm.
610 2 4 _aConfederación Nacional del Trabajo (España)
_93165
650 4 _aAnarcosindicalismo.
_99778
852 4 _aES-MaACL
_jE-8950
852 4 _aES-MaACL
_jE-9290
852 4 _aES-MaACL
_jE-9291
852 4 _aES-MaACL
_jE-9292
999 _c117882
_d117882